<?xml version="1.0" encoding="UTF-8"?>
<collection xmlns="http://www.loc.gov/MARC21/slim">
 <record>
  <leader>00723pamaa2200205   4500</leader>
  <controlfield tag="001">0000018767</controlfield>
  <controlfield tag="005">20060523090000.0</controlfield>
  <datafield tag="020" ind1="0" ind2="0">
   <subfield code="a">0684819031 </subfield>
  </datafield>
  <datafield tag="082" ind1=" " ind2=" ">
   <subfield code="a">949.742024 RIE 1995</subfield>
  </datafield>
  <datafield tag="090" ind1="0" ind2="0">
   <subfield code="a">DR1313.3 </subfield>
   <subfield code="b">RIE 1995</subfield>
  </datafield>
  <datafield tag="100" ind1="1" ind2="0">
   <subfield code="a">RIEFF </subfield>
  </datafield>
  <datafield tag="245" ind1="1" ind2="0">
   <subfield code="a">Slaughterhouse : </subfield>
   <subfield code="b">Bosnia and the failure of the west  </subfield>
   <subfield code="c">David Rieff.</subfield>
  </datafield>
  <datafield tag="260" ind1="0" ind2="0">
   <subfield code="a">New York: </subfield>
   <subfield code="b">Touchstone, </subfield>
   <subfield code="c">1995.</subfield>
  </datafield>
  <datafield tag="300" ind1=" " ind2=" ">
   <subfield code="a">274p.: </subfield>
   <subfield code="b">22cm.</subfield>
  </datafield>
  <datafield tag="650" ind1="0" ind2="0">
   <subfield code="a">Yugoslav War, 1991-1995 -- </subfield>
   <subfield code="z">Bosnia and Hercegovina </subfield>
  </datafield>
  <datafield tag="650" ind1="0" ind2="0">
   <subfield code="a">Yugoslav War, 1991-1995 -- </subfield>
   <subfield code="x">Atrocities </subfield>
  </datafield>
  <datafield tag="650" ind1="0" ind2="0">
   <subfield code="a">Yugoslav War, 1991-1995 -- </subfield>
   <subfield code="x">Personal narratives, American </subfield>
  </datafield>
  <datafield tag="651" ind1="0" ind2="0">
   <subfield code="a">Bosnia and Hercegovina -- </subfield>
   <subfield code="x">History -- </subfield>
   <subfield code="y">1992 </subfield>
  </datafield>
  <datafield tag="651" ind1="0" ind2="0">
   <subfield code="a">United Nations -- </subfield>
   <subfield code="z">Bosnia and Hercegovina </subfield>
  </datafield>
  <datafield tag="740" ind1="0" ind2="0">
   <subfield code="a">Slaughter house</subfield>
  </datafield>
 </record>
</collection>
